000 00683nam a2200217Ia 4500
003 GCL
005 20240530104543.0
008 140319s9999 xx 000 0 ara d
040 _aGCL /
_cGCL
082 0 4 _a759.46
_bج ر
100 0 _aجورج مدبك
245 1 0 _aالرسام العبقرى بابلو بيكاسو /
_cجورج مدبك ؛ راتب احمد قبيعة
300 _a65 ص
490 _aالهيئة العامة للاستعلامات
_v0
650 0 4 _aالفنون التشكيلية
650 0 4 _aالتكعيبية
650 0 4 _aاسبانيا
650 0 4 _aبيكاسو، بابلو
700 0 _aراتب احمد قبيعة
942 _2ddc
_cBK
999 _c48590
_d48590